Rethinking the region
Saved in:
| Main Author: | |
|---|---|
| Other Authors: | , |
| Format: | Book |
| Language: | English |
| Published: |
London; New York :
Routledge,
1998
|
| Subjects: | |
| Tags: |
Add Tag
No Tags, Be the first to tag this record!
|
MARC
| LEADER | 00000nam a2200000 i 4500 | ||
|---|---|---|---|
| 001 | 1/35752 | ||
| 008 | 030513s1998 eng d | ||
| 020 | |a 0-415-16822-8 | ||
| 035 | |l 10069934 | ||
| 040 | |a GR-MY-UA |b gre |e aacr | ||
| 041 | 0 | |a eng | |
| 082 | 0 | |a 914.2 |2 (21) | |
| 100 | 1 | |a Allen, John |d 1951- | |
| 245 | 1 | 0 | |a Rethinking the region / |c John Allen, Doreen Massey and Allan Cochrane with Julie Charlesworth ... [et al.] |
| 260 | |a London; New York : |b Routledge, |c 1998 | ||
| 300 | |a x, 159 σ.; |b εικ., χαρτ.; |c 24 εκ. | ||
| 504 | |a Περιέχει βιβλιογραφία και ευρετήριο | ||
| 650 | 0 | 0 | |a Geography. |
| 700 | 1 | |a Massey, Doreen B. | |
| 700 | 1 | |a Cochrane, Allan. | |
| 852 | |a INST |b LESVOS |e 20030513 |h 914.2 ALL |p 005100026917 |q 005100026917 |t BK |y 0 | ||
| 901 | |a BIBL1-2003-2 | ||
| 909 | |a Λ |b 104442 | ||
| 922 | |a 1ΕΛΗ |b 200303 |c ΕΠΕΑΕΚ2/ΤΓ |d ΠΑΠΑΣΩΤΗΡΙΟΥ & ΕΛΕΥΘΕΡΟΥΔΑΚΗΣ | ||
| 950 | |a 118-2002-10-05 | ||
| 970 | |a ΧΡΙΣΤΟΦΑ |b ΝΙΚΗ |z 2003/07/17 | ||